Sports Quiz

Random Sports or NBA Quiz

Different Team, Same Name Quiz Stats

 Plays Quiz Updated Nov 22, 2017

Challenge
Share
Tweet
Embed
Score 0/20 Timer 03:00
17 Plays Today
% Correct
Cardinals
87.3%
Broncos
87.3%
Ducks
86.7%
Cavaliers
86.7%
Panthers
86.5%
Falcons
86.3%
Eagles
84.9%
Bruins
84.9%
Jets
84.8%
Cowboys
84.5%
% Correct
Tigers
84.2%
Kings
83.9%
Bengals
83.2%
Trojans
82.1%
Bulldogs
81.9%
Rangers
81.4%
Bears
81%
Bulls
78.8%
Rams
76.8%
Stars
66.1%

You're not logged in!

Compare scores with friends on all Sporcle quizzes.
OR
Log In

You Might Also Like...

Show Comments

Extras

Top Quizzes Today


Score Distribution

Your Account Isn't Verified!

In order to create a playlist on Sporcle, you need to verify the email address you used during registration. Go to your Sporcle Settings to finish the process.

Report this User

Report this user for behavior that violates our Community Guidelines.

Details: